Countries Smaller than New York City - Statistics

General Stats
  • This quiz has been taken 64 times
    29 since last reset
  • The average score is 21 of 25
Answer Stats
Area km² Area mi² Country % Correct
160 62 Liechtenstein
100%
61 24 San Marino
100%
0.44 0.17 Vatican City
100%
468 181 Andorra
96%
261 101 Saint Kitts and Nevis
89%
389 150 Saint Vincent and the Grenadines
89%
714 276 Singapore
89%
702 271 FS Micronesia
85%
2.02 0.78 Monaco
85%
26 10 Tuvalu
85%
21 8 Nauru
81%
616 238 Saint Lucia
81%
964 372 São Tomé and Príncipe
81%
747 288 Tonga
81%
443 171 Antigua and Barbuda
78%
430 166 Barbados
78%
344 133 Grenada
78%
459 177 Palau
78%
455 176 Seychelles
78%
811 313 Kiribati
74%
316 122 Malta
74%
181 70 Marshall Islands
74%
298 115 Maldives
70%
765 295 Bahrain
67%
751 290 Dominica
67%
No matching quizzes found
Score Distribution
Percent of People with Each Score
Percentile by Number Answered
Your Score History
You have not taken this quiz since the last reset